[Event "Open Ricany 2oo9"]
[Site "?"]
[Date "2009.08.25"]
[Round "5.30"]
[White "Fikr ,Lukas"]
[Black "Pospisil ,Martin"]
[Result "1-0"]
[WhiteElo "1996"]
[BlackElo "1868"]

1. Nf3 d5 2. g3 Nf6 3. Bg2 e6 4. O-O Be7 5. d4 c5 6. c4 Nc6 7. Nc3 dxc4 8. Ne5
Bd7 9. Nxc6 Bxc6 10. Bxc6+ bxc6 11. Qa4 O-O 12. dxc5 Nd5 13. Qxc4 Qa5 14. Ne4
Rab8 15. Bd2 Qb5 16. Qxb5 Rxb5 17. Rab1 Rfb8 18. b3 f5 19. Ng5 Bxg5 20. Bxg5 Nc3
21. Rb2 Rxc5 22. Rc1 Ne4 23. Rxc5 Nxc5 24. Rc2 Ne4 25. Be3 c5 26. f3 Nf6
27. Rxc5 Rd8 28. Ra5 Rd1+ 29. Kf2 Nd5 30. Rxa7 Rh1 31. Bd4 Rxh2+ 32. Ke1 g6
33. a4 Rh3 34. a5 Rxg3 35. Rg7+ Kf8 36. Rxh7 e5 37. Bf2 Rg5 38. a6 Ke8 39. Rb7
Rh5 40. a7 1-0

[Event "Open Ricany 2oo9"]
[Site "?"]
[Date "2009.08.25"]
[Round "5.26"]
[White "Maly ,Filip"]
[Black "Chromovsky ,Hynek"]
[Result "1-0"]
[WhiteElo "1986"]
[BlackElo "1802"]

1. e4 c5 2. Nf3 e6 3. d4 cxd4 4. Nxd4 a6 5. c4 Nc6 6. Nc3 Qc7 7. Be2 Nf6 8. O-O
Be7 9. Kh1 d6 10. f4 Nxd4 11. Qxd4 h5 12. Be3 Qc5 13. Qd3 Qc7 14. Rac1 Bd7
15. b4 Rc8 16. a4 Ng4 17. Bg1 g5 18. g3 gxf4 19. gxf4 Bf8 20. Bd4 Rg8 21. h3 Qd8
22. hxg4 Qh4+ 23. Kg2 e5 24. Bf2 Qd8 25. f5 Bh6 26. Rcd1 Bf4 27. Rh1 1-0

[Event "Open Ricany 2oo9"]
[Site "?"]
[Date "2009.08.25"]
[Round "5.2"]
[White "Vokac ,Marek"]
[Black "Herejk ,Petr"]
[Result "1-0"]
[WhiteElo "2466"]
[BlackElo "2174"]

1. Nf3 Nf6 2. c4 c5 3. g3 g6 4. Bg2 Bg7 5. O-O O-O 6. Nc3 Nc6 7. d4 d6 8. d5
Na5 9. Nd2 a6 10. Rb1 Rb8 11. b4 cxb4 12. Rxb4 Bd7 13. Bb2 Qc7 14. Qa1 Bh6
15. e3 Ng4 16. Re1 Ne5 17. Bf1 Bf5 18. Na4 Nd7 19. Bd4 b6 20. Qb2 Nc5 21. Nxb6
Rb7 22. Qa3 Nc6 23. dxc6 Rxb6 24. Rxb6 Qxb6 25. Nb3 Qxc6 26. Nxc5 e5 27. Bg2 Qc8
28. Nb7 exd4 29. Nxd6 Qd7 30. exd4 Rd8 31. c5 Bf8 32. Qxa6 Bxd6 33. Qxd6 Qxd6
34. cxd6 Rxd6 35. Rd1 Kf8 36. Rd2 Rb6 37. h3 1-0

[Event "Open Ricany 2oo9"]
[Site "?"]
[Date "2009.08.25"]
[Round "5.7"]
[White "Moravec ,Vit"]
[Black "Haman ,Jakub"]
[Result "1/2-1/2"]
[WhiteElo "2053"]
[BlackElo "1926"]

1. e4 e5 2. f4 exf4 3. Nf3 g5 4. h4 g4 5. Ne5 Nf6 6. d4 d6 7. Nd3 Nxe4 8. Bxf4
Qe7 9. Qe2 Bf5 10. Nd2 Nxd2 11. Qxe7+ Bxe7 12. Kxd2 Nd7 13. Re1 Nf6 14. Nf2 Kd7
15. Bg5 h6 16. Bd3 Bxd3 17. Rxe7+ Kxe7 18. Re1+ Kd7 19. Bxf6 Bc4 20. Bxh8 Rxh8
21. Nxg4 Be6 1/2-1/2

[Event "Open Ricany 2oo9"]
[Site "?"]
[Date "2009.08.25"]
[Round "5.36"]
[White "Krejci ,Martin"]
[Black "Macku ,Emil"]
[Result "0-1"]
[WhiteElo "1837"]
[BlackElo "2020"]

1. e4 c5 2. Nf3 Nc6 3. d4 cxd4 4. Nxd4 Nf6 5. Nc3 g6 6. Be3 Bg7 7. Be2 O-O
8. O-O d6 9. Nb3 a5 10. f4 a4 11. Nd4 Qb6 12. Qd3 Ng4 13. Nd5 Qd8 14. Bxg4 Bxg4
15. Rab1 Bd7 16. f5 Ne5 17. Qe2 Bc6 18. Nxc6 bxc6 19. Bb6 Qd7 20. f6 cxd5
21. fxg7 Rfb8 22. Bd4 dxe4 23. Qxe4 f6 24. Rbd1 Qb7 25. Qf4 Kxg7 26. Rfe1 Qc7
27. Qf2 Rb5 28. b3 Rc8 29. c4 Rb7 30. Qg3 axb3 31. axb3 Nc6 32. Be3 Na5 33. Rd3
Rcb8 34. Qh4 Rxb3 35. Bh6+ Kg8 36. Rd4 Rb1 37. Rdd1 Rxd1 38. Rxd1 Nxc4 39. Rc1
d5 40. Bf4 Qb6+ 41. Kh1 e5 42. Bg3 Kg7 43. Qg4 Qe6 44. Qd1 Ne3 45. Qa4 Nc4
46. Qd1 Rc8 47. Qa4 Nb6 48. Qa7+ Kh6 49. Rd1 Rc7 50. Qa5 Qc6 51. Qd2+ Kg7
52. Bf2 d4 53. Bh4 Nc4 54. Qf2 g5 55. Rf1 Qd6 56. Bxg5 fxg5 57. Qf8+ Kg6 58. h4
Qe6 59. Qf3 Rf7 60. Qe4+ Kg7 61. Rxf7+ Qxf7 62. hxg5 Qf4 0-1

[Event "Open Ricany 2oo9"]
[Site "?"]
[Date "2009.08.25"]
[Round "5.40"]
[White "Berg ,Antonin"]
[Black "Hatas ,Radim"]
[Result "1/2-1/2"]
[WhiteElo "1890"]
[BlackElo "1773"]

1. e4 Nf6 2. e5 Nd5 3. c4 Nb6 4. c5 Nd5 5. Nc3 Nxc3 6. dxc3 Nc6 7. Nf3 g6
8. Bf4 Bg7 9. Bd3 O-O 10. O-O d6 11. cxd6 cxd6 12. exd6 e5 13. Be3 Qxd6 14. Qc2
Bg4 15. Ne1 b6 16. f3 Be6 17. Be2 Rac8 18. Rd1 Nd4 19. Bxd4 exd4 20. Qa4 Rfd8
21. Ba6 Bd7 22. Qc2 Bf5 23. Qd2 Qc5 24. c4 d3+ 25. Kh1 Rc7 26. g4 Be6 27. Nxd3
Bxc4 28. Nxc5 Rxd2 29. Rxd2 Bxf1 30. Rd8+ Bf8 31. Bxf1 Rxc5 32. Ra8 Rc2 33. Bd3
Rxb2 34. Rxa7 Rf2 35. Be4 Bd6 36. Bd5 Rxh2+ 37. Kg1 Rd2 1/2-1/2

[Event "Open Ricany 2oo9"]
[Site "?"]
[Date "2009.08.25"]
[Round "5.29"]
[White "Skala ,Jaromir"]
[Black "Vorisek ,Martin"]
[Result "1-0"]
[WhiteElo "2065"]
[BlackElo "1661"]

1. d4 Nf6 2. c4 g6 3. Nc3 d5 4. cxd5 Nxd5 5. e4 Nxc3 6. bxc3 Bg7 7. Bc4 c5
8. Ne2 Nc6 9. Be3 cxd4 10. cxd4 O-O 11. O-O Bd7 12. Rc1 Rc8 13. Qd2 Na5 14. Bd3
Rxc1 15. Rxc1 Nc6 16. h3 e5 17. d5 Nd4 18. Qb4 Nxe2+ 19. Bxe2 b6 20. Qd6 f5
21. Rc7 Rf7 22. Bb5 Bf8 23. Rxd7 1-0

[Event "Open Ricany 2oo9"]
[Site "?"]
[Date "2009.08.25"]
[Round "5.15"]
[White "Krasnay ,Peter"]
[Black "Schamlz ,Michal"]
[Result "1/2-1/2"]
[WhiteElo "2088"]
[BlackElo "1996"]

1. e4 c5 2. Nf3 Nc6 3. d4 cxd4 4. Nxd4 g6 5. c4 Nf6 6. Nc3 Nxd4 7. Qxd4 d6
8. f3 Bg7 9. Be3 O-O 10. Qd2 Be6 11. Be2 a5 12. O-O a4 13. Bh6 Qa5 14. Bxg7 Kxg7
15. Qd4 Rfc8 16. Nd5 Bxd5 17. exd5 Qc5 18. Rfd1 b5 19. Qxc5 Rxc5 20. b4 axb3
21. axb3 Rxa1 22. Rxa1 bxc4 23. bxc4 Rc7 1/2-1/2

[Event "Open Ricany 2oo9"]
[Site "?"]
[Date "2009.08.25"]
[Round "5.37"]
[White "Vesecky ,Martin"]
[Black "Eisner ,Oldrich"]
[Result "1/2-1/2"]
[WhiteElo "1946"]
[BlackElo "1828"]

1. e4 c5 2. Nf3 Nc6 3. d4 cxd4 4. Nxd4 g6 5. c4 Bg7 6. Be3 Nf6 7. Nc3 O-O
8. Be2 b6 9. O-O Bb7 10. f3 Nh5 11. Nxc6 dxc6 12. Qc2 Bd4 13. Bxd4 Qxd4+ 14. Kh1
e5 15. Rad1 Qc5 16. Rd2 Rad8 17. Rfd1 Qe7 18. c5 Nf4 19. cxb6 axb6 20. Bc4 b5
21. Bb3 Bc8 22. a4 b4 23. Na2 c5 24. Nc1 Be6 25. Bxe6 Nxe6 26. Nd3 f6 27. g3 Kg7
28. Qc4 Rd4 29. Qc2 1/2-1/2

[Event "Open Ricany 2oo9"]
[Site "?"]
[Date "2009.08.25"]
[Round "5.20"]
[White "Sochorova ,Jana"]
[Black "Vevera ,Radek"]
[Result "1/2-1/2"]
[WhiteElo "1903"]
[BlackElo "2092"]

1. Nf3 Nf6 2. c4 g6 3. d4 Bg7 4. Nc3 d6 5. g3 O-O 6. Bg2 Nbd7 7. O-O c6 8. e4
e5 9. h3 Qe7 10. Be3 Re8 11. Re1 Nh5 12. Qe2 Qf8 13. Rad1 exd4 14. Bxd4 Ne5
15. Bxe5 dxe5 16. b3 Qb4 17. Rd3 h6 18. Red1 Be6 19. Qe3 Qa5 20. Qd2 Bf8 21. Na4
Qc7 22. Qc3 Rad8 23. Rxd8 Rxd8 24. Rxd8 Qxd8 1/2-1/2

[Event "Open Ricany 2oo9"]
[Site "?"]
[Date "2009.08.25"]
[Round "5.24"]
[White "Skalicky ,Tomas"]
[Black "Vavrinec ,Tomas"]
[Result "1-0"]
[WhiteElo "1607"]
[BlackElo "2067"]

1. Nf3 Nf6 2. g3 b5 3. d3 Bb7 4. Bg2 g6 5. O-O Bg7 6. e4 d6 7. Nc3 b4 8. Ne2
Nbd7 9. Ne1 c5 10. c4 O-O 11. f4 Qc7 12. Nf3 a5 13. Rb1 a4 14. h3 e6 15. Be3 Nb6
16. Qc2 Bc6 17. Qc1 Qb7 18. Kh2 Ra5 19. Neg1 Qa6 20. Nd2 Qb7 21. Ngf3 Nfd7
22. Re1 Rd8 23. Re2 Nc8 24. Qf1 Ne7 25. g4 f5 26. Ng5 Nf8 27. exf5 exf5 28. Bf2
Bxg2 29. Qxg2 Qxg2+ 30. Kxg2 Nc6 31. Ndf3 Raa8 32. gxf5 gxf5 33. Nh4 Ng6
34. Nxg6 hxg6 35. Nf3 Re8 36. Rbe1 Kf8 37. Ng5 Bf6 38. Nh7+ Kf7 39. Rxe8 Rxe8
40. Rxe8 1-0

[Event "Open Ricany 2oo9"]
[Site "?"]
[Date "2009.08.25"]
[Round "5.42"]
[White "Vanecek ,Stanislav"]
[Black "Vlcek ,Marek"]
[Result "1/2-1/2"]
[WhiteElo "1976"]
[BlackElo "1972"]

1. Nf3 Nf6 2. g3 d5 3. d4 c6 4. Bg2 e6 5. O-O Bd6 6. b3 Nbd7 7. Bb2 O-O 8. Nbd2
Qc7 9. c4 b6 10. e4 dxe4 11. Ng5 e5 12. Ngxe4 exd4 13. Bxd4 Be7 14. Qc2 Bb7
15. c5 Nxe4 16. Nxe4 bxc5 17. Nxc5 Nxc5 18. Bxc5 Rfe8 19. Rfe1 Bf6 20. Rad1 a5
21. h4 g6 22. h5 Re5 23. hxg6 hxg6 24. Rxe5 Bxe5 25. Qd2 Re8 26. Qd7 Qb8
27. Bxc6 Bxc6 28. Qxc6 Bxg3 29. fxg3 Qxg3+ 30. Qg2 Re1+ 31. Rxe1 Qxe1+ 32. Qf1
Qg3+ 33. Qg2 1/2-1/2

[Event "Open Ricany 2oo9"]
[Site "?"]
[Date "2009.08.25"]
[Round "5.5"]
[White "Blumel ,Otto"]
[Black "Ruzicka ml.,Vaclav"]
[Result "0-1"]
[WhiteElo "2142"]
[BlackElo "2024"]

1. e4 c5 2. Nf3 d6 3. g3 Nc6 4. Bg2 g6 5. d4 cxd4 6. Nxd4 Bg7 7. Ne2 f5 8. exf5
Bxf5 9. Nbc3 Nf6 10. O-O O-O 11. Nd5 Nxd5 12. Qxd5+ Kh8 13. c3 Qd7 14. Re1 Rad8
15. Be3 e5 16. f4 Be6 17. Qd2 Bh3 18. Bd5 Ne7 19. Bh1 Qg4 20. Bxa7 Nf5 21. Rf1
Bxf1 22. Rxf1 Ne7 23. Bb6 Rd7 24. c4 g5 25. Bf3 Qe6 26. fxg5 Qxc4 27. Nc3 d5
28. Be2 Rxf1+ 29. Bxf1 Qb4 30. Bb5 d4 31. a3 Qb3 32. Ba5 dxc3 33. Qxd7 cxb2 0-1

[Event "Open Ricany 2oo9"]
[Site "?"]
[Date "2009.08.25"]
[Round "5.16"]
[White "Boucek ,Vlastimil"]
[Black "Hulin ,Petr"]
[Result "0-1"]
[WhiteElo "2028"]
[BlackElo "2073"]

1. e4 c5 2. Nc3 e6 3. d3 a6 4. g3 Qc7 5. Bg2 Nf6 6. Nge2 Nc6 7. O-O b6 8. f4 d6
9. h3 Bb7 10. g4 Be7 11. Be3 O-O-O 12. Qc1 d5 13. e5 d4 14. exf6 Bxf6 15. g5 Be7
16. Bf2 dxc3 17. bxc3 h6 18. Bg3 Bd6 19. h4 hxg5 20. hxg5 Ne7 21. Be4 f5
22. Bxb7+ Qxb7 23. Qe3 Kb8 24. c4 Nc6 25. c3 g6 26. Kf2 Rhe8 27. d4 cxd4
28. cxd4 Nxd4 29. Nxd4 Bc5 30. Rfd1 Qg7 31. Qb3 Rxd4 32. Kf1 Red8 33. a4 Qh8
34. Rxd4 Qxd4 35. Re1 Qg1+ 0-1

[Event "Open Ricany 2oo9"]
[Site "?"]
[Date "2009.08.25"]
[Round "5.35"]
[White "Mejzr ,Jan"]
[Black "Petras ,Milan"]
[Result "1-0"]
[WhiteElo "1847"]
[BlackElo "2056"]

1. e4 d6 2. d4 Nf6 3. Nc3 g6 4. f4 Bg7 5. Nf3 O-O 6. Bc4 c6 7. e5 dxe5 8. fxe5
Nd5 9. O-O Be6 10. Qe1 b5 11. Bb3 a5 12. a3 Na6 13. Ng5 Nac7 14. Nce4 f6
15. exf6 exf6 16. Nxe6 Nxe6 17. c3 Re8 18. Qf2 f5 19. Ng3 Ra7 20. Bd2 a4 21. Bc2
Qh4 22. Qf3 Nxd4 23. cxd4 Qxd4+ 24. Qf2 Qxb2 25. Rae1 Rxe1 26. Qxe1 Re7 27. Qc1
Qd4+ 28. Kh1 c5 29. Bxf5 c4 30. Bb1 Qh4 31. Bg5 Qd4 32. Bxe7 Nxe7 33. Rd1 Qb6
34. Qd2 Nc6 35. Qd5+ Kh8 36. Re1 Qf2 37. Rf1 Qb6 38. Qe6 Be5 39. Ne4 Qc7
40. Rf8+ Kg7 41. Rg8+ Kh6 42. Qh3# 1-0

[Event "Open Ricany 2oo9"]
[Site "?"]
[Date "2009.08.25"]
[Round "5.3"]
[White "Mejzlik ,Ondrej"]
[Black "Umanec ,Filip"]
[Result "1-0"]
[WhiteElo "2206"]
[BlackElo "2175"]

1. c4 e5 2. Nc3 Nf6 3. e4 Bc5 4. g3 d6 5. h3 Nc6 6. Bg2 O-O 7. Nge2 a6 8. O-O
Ne8 9. g4 Qh4 10. d4 Nxd4 11. Ng3 g6 12. Kh2 Nf6 13. f3 c6 14. Bd2 h5 15. g5 Nh7
16. f4 Bg4 17. Nge2 Nxe2 18. Nxe2 exf4 19. Bxf4 Be6 20. b3 Rfd8 21. Qd2 d5
22. cxd5 cxd5 23. e5 f6 24. gxf6 g5 25. Qc2 Nf8 26. Qxc5 gxf4 27. Rxf4 Qg5
28. Qd4 Ng6 29. Rg1 Kf7 30. Bf3 Qh6 31. Qb4 Rd7 32. h4 a5 33. Qd4 Rc8 34. Rg5
Rc2 35. Kg3 Kf8 36. Qd3 Nxf4 37. Nxf4 Rdc7 38. Nxe6+ 1-0

[Event "Open Ricany 2oo9"]
[Site "?"]
[Date "2009.08.25"]
[Round "5.31"]
[White "Lexa ,Vaclav"]
[Black "Lacina ,Filip"]
[Result "1-0"]
[WhiteElo "1895"]
[BlackElo "1995"]

1. d4 Nf6 2. c4 e5 3. dxe5 Ng4 4. e4 Nxe5 5. f4 Ng6 6. Be3 Bb4+ 7. Nc3 d6
8. Nf3 Nc6 9. Be2 O-O 10. O-O Bxc3 11. bxc3 Qe7 12. Qc2 f5 13. Bd3 fxe4 14. Bxe4
Bf5 15. Bd5+ Kh8 16. Qd2 Na5 17. Rae1 Qd7 18. c5 c6 19. Bb3 d5 20. Bd4 h6
21. Re2 a6 22. Rfe1 Nxb3 23. axb3 Be4 24. Ne5 Nxe5 25. Bxe5 Qf5 26. Re3 Rae8
27. Rg3 Rxe5 28. fxe5 Qxe5 29. Qd4 Qf6 30. Qxf6 Rxf6 31. Rf1 Rxf1+ 32. Kxf1 Kg8
33. Rg4 Kf7 34. Rf4+ Ke7 35. h4 g5 36. hxg5 hxg5 37. Rf2 Bd3+ 38. Ke1 Bb1
39. Kd2 Be4 40. Ke3 Ke8 41. Kd4 Ke7 42. Ke5 Bd3 43. g3 Be4 44. Rh2 Kf7 45. Rh6
Bc2 46. b4 Bg6 47. Rh8 Bd3 48. Rb8 Kg6 49. Rxb7 Kh5 50. Kf6 Kg4 51. Rg7 Kxg3
52. Rxg5+ Kf4 53. Re5 Bb5 54. Ke6 Bc4 55. Kd6 Bf1 56. Re6 Kf5 57. Re7 Bg2
58. Ra7 d4 59. cxd4 Ke4 60. Kxc6 Kxd4+ 1-0

[Event "Open Ricany 2oo9"]
[Site "?"]
[Date "2009.08.25"]
[Round "5.9"]
[White "Vojta ,Pavel"]
[Black "Dolezal ,Radoslav"]
[Result "1-0"]
[WhiteElo "2173"]
[BlackElo "2027"]

1. d4 d5 2. c4 c6 3. Nf3 Nf6 4. Nc3 e6 5. Qc2 Nbd7 6. g3 Bd6 7. Bg2 O-O 8. O-O
dxc4 9. Nd2 Nb6 10. Nce4 Nxe4 11. Bxe4 f5 12. Bg2 e5 13. Nxc4 exd4 14. Nxd6 Qxd6
15. Bf4 Qf6 16. Qc5 Be6 17. Be5 Qf7 18. Bxd4 Bxa2 19. Qa3 Bd5 20. Bxb6 Bxg2
21. Kxg2 axb6 22. Qxa8 Qd5+ 23. e4 1-0

[Event "Open Ricany 2oo9"]
[Site "?"]
[Date "2009.08.25"]
[Round "5.8"]
[White "Straka ,Vojtech"]
[Black "Hosticka ,Frantisek"]
[Result "1/2-1/2"]
[WhiteElo "2039"]
[BlackElo "2185"]

1. d4 c5 2. d5 e5 3. c4 d6 4. Nc3 Be7 5. e4 Bg5 6. Bxg5 Qxg5 7. Nf3 Qd8 8. Be2
Ne7 9. Nd2 Ng6 10. g3 Nd7 11. Bg4 Nf6 12. Qa4+ Bd7 13. Bxd7+ Qxd7 14. Qxd7+
1/2-1/2

[Event "Open Ricany 2oo9"]
[Site "?"]
[Date "2009.08.25"]
[Round "5.10"]
[White "Pavlicek ,Petr"]
[Black "Kubikova ,Hana"]
[Result "1/2-1/2"]
[WhiteElo "2036"]
[BlackElo "2168"]

1. c4 Nf6 2. Nf3 e6 3. g3 c5 4. Bg2 Nc6 5. Nc3 d6 6. O-O Be7 7. d4 O-O 8. e4 e5
9. dxe5 dxe5 10. h3 Be6 11. b3 h6 12. Be3 Qxd1 13. Raxd1 Rfd8 14. Nd5 Nd7
15. Nc7 Rac8 16. Nxe6 fxe6 17. h4 Nd4 18. Rd2 Rf8 19. Ne1 Bf6 1/2-1/2

[Event "Open Ricany 2oo9"]
[Site "?"]
[Date "2009.08.25"]
[Round "5.1"]
[White "Vojta ,Tomas"]
[Black "Kulhanek ,Tomas"]
[Result "1/2-1/2"]
[WhiteElo "2365"]
[BlackElo "2444"]

1. e4 c5 2. f4 d5 3. exd5 Nf6 4. b3 Nxd5 5. Bb2 Nd7 6. g3 N7f6 7. Bg2 g6 8. Nc3
Nxc3 9. Bxc3 Bg7 10. Nf3 O-O 11. O-O Be6 12. Qe2 Rc8 13. Rae1 Rc7 14. d3 Bd5
15. a4 b6 16. Nd2 Bxg2 17. Qxg2 Qd5 18. Bxf6 1/2-1/2

[Event "Open Ricany 2oo9"]
[Site "?"]
[Date "2009.08.25"]
[Round "5.27"]
[White "Kubik ,Jaroslav"]
[Black "Havlicek ,Pavel"]
[Result "1-0"]
[WhiteElo "1975"]
[BlackElo "1774"]

1. c4 c5 2. Nc3 Nf6 3. e4 Nc6 4. Nf3 d6 5. h3 g6 6. d4 cxd4 7. Nxd4 Nxd4
8. Qxd4 Bg7 9. Be3 O-O 10. Qd2 b6 11. Be2 Bb7 12. Bd3 Nd7 13. O-O Nc5 14. f3
Nxd3 15. Qxd3 f5 16. exf5 Rxf5 17. Rad1 Rc8 18. b3 Qd7 19. Ne4 Rcf8 20. Bd4 Bh6
21. Bb2 Bf4 22. g4 R5f7 23. Qd4 Be5 24. Qxe5 1-0

[Event "Open Ricany 2oo9"]
[Site "?"]
[Date "2009.08.25"]
[Round "5.21"]
[White "Hrdina ,Robin"]
[Black "Matejovsky ,Ondrej"]
[Result "0-1"]
[WhiteElo "1859"]
[BlackElo "2085"]

1. e4 e5 2. f4 Bc5 3. Nf3 d6 4. Nc3 Nc6 5. Bb5 Bg4 6. Na4 Bb6 7. Nxb6 axb6
8. d3 Nf6 9. f5 O-O 10. h3 Bxf3 11. gxf3 Nd4 12. Bc4 d5 13. Bb3 Nh5 14. h4 Nxb3
15. cxb3 Nf4 16. Bxf4 exf4 17. Qd2 Qd6 18. a3 Rfd8 19. O-O-O Qc5+ 20. Kb1 Qe3
21. Qxe3 fxe3 22. d4 dxe4 23. fxe4 Re8 24. e5 c5 25. dxc5 bxc5 26. Rd5 Rad8
27. Rxd8 Rxd8 28. Re1 Rd4 29. Rxe3 Rxh4 30. Rd3 Rd4 31. Kc2 Rxd3 32. Kxd3 Kf8
33. Ke4 Ke7 34. Kd5 h5 35. Ke4 g6 36. Kf4 h4 37. Kg4 gxf5+ 38. Kxh4 Ke6 39. Kg3
Kxe5 40. Kf3 f4 41. a4 b6 42. Kf2 Ke4 0-1

[Event "Open Ricany 2oo9"]
[Site "?"]
[Date "2009.08.25"]
[Round "5.4"]
[White "Novak ,Jindrich"]
[Black "Kovar ,Vojtech"]
[Result "1-0"]
[WhiteElo "2036"]
[BlackElo "2328"]

1. g4 d5 2. g5 e5 3. Bg2 c6 4. d3 Bd6 5. e4 Ne7 6. Nc3 Be6 7. d4 exd4 8. Qxd4
O-O 9. exd5 cxd5 10. Nge2 Nbc6 11. Qa4 a6 12. Nd4 Nxd4 13. Qxd4 Nf5 14. Qd3 Re8
15. O-O d4 16. Ne4 Rc8 17. Nxd6 Qxd6 18. Bxb7 Rc5 19. Re1 Rb8 20. Qxa6 Qc7
21. Be4 Bc4 22. Qa3 Ne3 23. Bxe3 dxe3 24. Qxe3 Rxb2 25. Bd5 g6 26. Qe8+ Kg7
27. Re7 Qxe7 28. Qxe7 Rxd5 29. Qf6+ Kg8 30. h4 Rb8 31. a4 Rf5 32. Qd6 Ra8 33. a5
Bd5 34. a6 h6 35. Ra5 Be4 36. Rxf5 Bxf5 37. a7 Be4 38. Qb8+ Kh7 39. f4 h5
40. Kf2 Bh1 41. Ke3 Kg7 42. Kd4 f5 43. Ke5 Be4 44. Kd6 Kf7 45. c4 1-0

[Event "Open Ricany 2oo9"]
[Site "?"]
[Date "2009.08.25"]
[Round "5.28"]
[White "Postupa st. ,Pavel"]
[Black "Urban ,Miroslav"]
[Result "1/2-1/2"]
[WhiteElo "2081"]
[BlackElo "1917"]

1. e4 e5 2. Nf3 Nc6 3. Bb5 a6 4. Ba4 Nf6 5. O-O Be7 6. Re1 b5 7. Bb3 O-O 8. h3
d6 9. c3 Na5 10. Bc2 c5 11. d4 Qc7 12. Nbd2 Re8 13. d5 Rb8 14. b3 Bd7 15. Nf1 c4
16. b4 Nb7 17. Be3 a5 18. a3 Ra8 19. Ng3 g6 20. Nh2 Ra6 21. Ng4 Bxg4 22. hxg4
Rea8 23. Rc1 axb4 24. axb4 Ra3 25. Bb1 Nd7 26. Rc2 Qd8 27. Qd2 f6 28. Ne2 Qe8
29. g3 g5 30. Kg2 Qg6 31. f3 Kg7 32. Rh1 h6 33. Ra2 Qe8 34. Rh5 Rxa2 35. Bxa2
Nd8 *

[Event "Open Ricany 2oo9"]
[Site "?"]
[Date "2009.08.25"]
[Round "5.19"]
[White "Fojtu ,Jan"]
[Black "Kaiser ,Rudolf"]
[Result "1-0"]
[WhiteElo "2093"]
[BlackElo "1961"]

1. e4 e5 2. Nf3 Nf6 3. d4 Be7 4. Nc3 exd4 5. Nxd4 d6 6. Bd3 O-O 7. O-O c5
8. Nde2 Nc6 9. f4 a6 10. a4 Bg4 11. b3 Nd4 12. Bb2 d5 13. e5 Ne8 14. h3 Nxe2+
15. Nxe2 Bxe2 16. Qxe2 f5 17. Rad1 Qb6 18. Qe3 Qh6 19. Qf3 Nc7 20. g4 fxg4
21. Qxg4 Qh4 22. Rd2 Qxg4+ 23. hxg4 g6 24. f5 Bg5 25. Re2 d4 26. b4 Be3+
27. Rxe3 dxe3 28. Bc4+ Kg7 29. Bc1 b5 30. f6+ Kh8 31. Bd3 c4 32. Be4 e2 33. Re1
Rad8 34. axb5 Rd4 35. Bh6 Rfd8 36. Rxe2 axb5 37. c3 Rd1+ 38. Kg2 Ne6 39. Bc6 g5
40. Kf2 Nf4 41. f7 Nxe2 42. Be8 1-0

[Event "Open Ricany 2oo9"]
[Site "?"]
[Date "2009.08.25"]
[Round "5.25"]
[White "Framberk ,Jan"]
[Black "Svitak ,David"]
[Result "0-1"]
[WhiteElo "2025"]
[BlackElo "1865"]

1. e4 c5 2. Nf3 Nc6 3. d4 cxd4 4. Nxd4 Nf6 5. Nc3 g6 6. Nxc6 bxc6 7. e5 Ng8
8. f4 Bg7 9. Be3 h5 10. Bd4 Nh6 11. Bd3 d6 12. Qf3 O-O 13. Qxc6 dxe5 14. Qxa8
Qxd4 15. Qe4 Qxe4+ 16. Bxe4 exf4 17. Nd5 Bxb2 18. Rb1 Ba3 19. Nxf4 e5 20. Nd3 f5
21. Bd5+ Kg7 22. O-O e4 23. Nf4 Ng4 24. Rb5 a6 25. Ra5 Bb4 26. Ra4 Bc5+ 27. Kh1
Nf2+ 28. Rxf2 Bxf2 29. g3 h4 30. Kg2 hxg3 31. hxg3 Be3 32. Bc4 Bxf4 33. gxf4 Rd8
34. Kg3 Rd2 35. c3 Rc2 36. Ra3 Kh6 37. Rb3 Bd7 38. Bxa6 Rxa2 39. Bb7 Ba4 40. Rb4
Bd1 41. Rd4 Bf3 42. Rd8 Rg2+ 43. Kh3 Rg4 44. c4 Rxf4 45. c5 Kg5 46. c6 e3
47. Re8 Re4 48. Rxe4 Bxe4 49. Ba8 Bxc6 50. Bxc6 e2 0-1

[Event "Open Ricany 2oo9"]
[Site "?"]
[Date "2009.08.25"]
[Round "5.11"]
[White "Sindler ,Michal"]
[Black "Koper ,Stefan"]
[Result "1-0"]
[WhiteElo "2163"]
[BlackElo "2024"]

1. e4 c6 2. Nc3 d5 3. Nf3 d4 4. Ne2 c5 5. c3 dxc3 6. bxc3 Nc6 7. Ng3 e6 8. d4
cxd4 9. cxd4 Bb4+ 10. Bd2 Bxd2+ 11. Qxd2 Nge7 12. Be2 O-O 13. O-O Ng6 14. Rfd1
Qe7 15. Rac1 Rd8 16. Qe3 Bd7 17. Bd3 Be8 18. Bb1 Qb4 19. h4 h6 20. h5 Nf8 21. d5
Ne7 22. dxe6 Rxd1+ 23. Rxd1 Nxe6 24. Nf5 Ba4 25. Rc1 Bc6 26. a3 Nxf5 27. exf5
Qg4 28. fxe6 fxe6 29. Qd3 Qxh5 30. Qh7+ Kf7 31. Rxc6 bxc6 32. Bg6+ 1-0

[Event "Open Ricany 2oo9"]
[Site "?"]
[Date "2009.08.25"]
[Round "5.43"]
[White "Ruzicka st., Vaclav"]
[Black "Svoboda ,Zdenek"]
[Result "0-1"]
[WhiteElo "1706"]
[BlackElo "1717"]

1. e4 c6 2. f4 d5 3. exd5 Qxd5 4. Nc3 Qa5 5. d4 Bf5 6. Nf3 Nf6 7. Bd2 Qc7
8. Ne5 Ne4 9. Nxe4 Bxe4 10. Nf3 e6 11. g3 Qb6 12. Bc3 Bb4 13. Bg2 Bxc3+ 14. bxc3
Qb2 15. O-O Qxc3 16. Rf2 Na6 17. a3 Rd8 18. Rb1 b6 19. Rb3 Qa5 20. Ne5 Qd5
21. Bxe4 Qxe4 22. Rd3 O-O 23. Re2 Qd5 24. c4 Qd6 25. Qa4 f6 26. Nxc6 Nc5 27. Qc2
Rd7 28. Rde3 Qxc6 29. dxc5 Qxc5 30. Kg2 e5 31. fxe5 fxe5 32. Rxe5 Qxa3 33. Qe4
Rdf7 34. Qd5 Qf3+ 35. Qxf3 Rxf3 36. Re7 R3f7 37. R7e3 Rc7 38. Rc2 Rfc8 39. Rec3
b5 40. c5 b4 41. Rb3 a5 42. Kf2 Rxc5 43. Rxc5 Rxc5 44. Ke3 Rc3+ 45. Rxc3 bxc3
46. Kd3 Kf7 47. Kxc3 Kf6 48. Kb3 Kf5 49. Ka4 h5 50. h3 g5 51. Kxa5 Ke4 52. Kb5
Kf3 53. h4 g4 0-1

[Event "Open Ricany 2oo9"]
[Site "?"]
[Date "2009.08.25"]
[Round "5.32"]
[White "Hajek ,Jiri"]
[Black "Petrun ,Milan"]
[Result "0-1"]
[WhiteElo "1823"]
[BlackElo "1966"]

1. e4 c5 2. Nc3 Nc6 3. Nf3 g6 4. Bb5 Bg7 5. O-O Nf6 6. Re1 O-O 7. e5 Ne8
8. Bxc6 bxc6 9. d4 cxd4 10. Qxd4 Nc7 11. Qh4 d6 12. Bh6 Ne6 13. Rad1 d5 14. Ne4
f6 15. Bxg7 Kxg7 16. exf6+ exf6 17. c4 Rb8 18. cxd5 g5 19. Qg3 Nf4 20. dxc6 Qxd1
21. Rxd1 Ne2+ 22. Kf1 Nxg3+ 23. hxg3 Rxb2 24. Nd6 Rxa2 25. Re1 a5 26. Re7+ Kg6
27. Nd4 Rd2 28. N4b5 Ba6 29. Kg1 Bxb5 30. Nxb5 Rc8 31. Na7 Ra8 32. Rb7 Rc2
33. c7 a4 34. Nb5 Rc8 35. Rb8 Rc1+ 36. Kh2 R1xc7 0-1